| 000 | 02339nam0a22003851i 4500 | ||
|---|---|---|---|
| 001 | RU\NLR\BIBL_A\010452166 | ||
| 005 | 20241105180408.0 | ||
| 010 |
_a9785020365681 _9500 |
||
| 021 |
_aRU _b2014-43276 _92634 |
||
| 035 | _a(NILC)RuMoRGB-007505634 | ||
| 035 | _a(NLR Aleph) 010452166 | ||
| 090 |
_a9933722 _c9933722 |
||
| 100 | _a20140818d2014 k y0rusy50 ca | ||
| 101 | 1 |
_arus _aara _aava _cara |
|
| 102 | _aRU | ||
| 105 | _aach|z|||000ya | ||
| 200 | 1 |
_aКнига о значимости стремления улучшать свои деяния по мере сил _dКитаб ′ибарат ал-и′тибар фи истислах ал-а′мал би ḳадри ал-иḳтидар _e[перевод на русский и аварский языки арабоязычного автобиографического произведения] _fМухаммадтахир ал-Карахи _gпер. с араб. и коммент. Р.С. Абдулмажидова [и др.] _gРос. акад. наук, Дагест. науч. центр, Ин-т истории, археологии и этнографии _zava |
|
| 210 |
_aМосква _cНаука _cВосточная литература _d2014 |
||
| 215 |
_a133, [1] с. _cил., факс., портр. _d20 |
||
| 300 | _aТекст на рус. и авар. яз. | ||
| 320 | _aБиблиогр.: с. 103-105, в подстроч. примеч. и в тексте примеч. | ||
| 510 | 1 |
_6z11790 _aКитаб ′ибарат ал-и′тибар фи истислах ал-а′мал би ḳадри ал-иḳтидар _zava |
|
| 600 | 0 |
_aМухаммад Тахир аль Карахи _f1809 – 1882 гг. _92196654 _3RU\NLR\AUTH\6601555486 |
|
| 686 | 1 | _aТ1(2Р-6Д)5-8 | |
| 700 | 0 |
_aМухаммад Тахир аль Карахи _f1809–1882 _9193084 _3RU\NLR\AUTH\770193135 |
|
| 702 | 1 |
_aАбдулмажидов _bР. С. _gРамазан Султанович _4210 |
|
| 790 | 1 |
_7ca _8ava _aКъарахъф _bМ. _f1809–1882 _gМухiаммадтiагьир _9136358 _3RU\NLR\AUTH\770136393 |
|
| 801 | 0 |
_aRU _bРГБ _c20140611 _gRCR |
|
| 852 |
_aNLR _bОЛСАА-сл-спр _j2-5381 |
||
| 852 |
_aNLR _bОЛСАА-сл-спр _j2-5381 |
||
| 942 | _cBOOK | ||
| 980 | _aNBR | ||
| 980 | 1 | _aSL_SPR | |